书目信息 |
| 题名: |
庐山植物园栽培植物手册
|
|
| 作者: | 陈封怀 主编 | |
| 分册: | ||
| 出版信息: | 北京 科学出版社 1958 |
|
| 页数: | 341页 | |
| 开本: | 19cm | |
| 丛书名: | ||
| 单 册: | ||
| 中图分类: | Q94-339 | |
| 科图分类: | ||
| 主题词: | 植物园 | |
| 电子资源: | ||
| ISBN: | 13031.833 | |
| 000 | 00719nam0 2200253 450 | |
| 001 | 0158006748 | |
| 005 | 20100713025627.0 | |
| 010 | @a13031.833@dCNY2.00 | |
| 091 | @a13031.833@d¥2.00,¥2.40(精装) | |
| 100 | @a19970307d1958 em y0chiy0110 ea | |
| 101 | 0 | @achi |
| 102 | @aCN@b110000 | |
| 105 | @ay z 000yy | |
| 106 | @ar | |
| 200 | 1 | @a庐山植物园栽培植物手册@9Lu Shan Zhi Wu Yuan Zai Pei Zhi Wu Shou Ce @f陈封怀主编 |
| 210 | @a北京@c科学出版社@d1958 | |
| 215 | @a341页@d19cm | |
| 606 | 0 | @a植物园 |
| 607 | @a庐山@x植物园@x手册 | |
| 607 | @2CT@3S049103@a庐山 | |
| 690 | @aQ94-339@v3 | |
| 701 | 0 | @a陈封怀@9chen feng huai@4主编 |
| 801 | 0 | @aCN@b91MARC@c20130904 |
| 905 | @aBZT@dQ94-339@e9@f1@sQ94-339/9 | |
| 庐山植物园栽培植物手册/陈封怀主编.-北京:科学出版社,1958 |
| 341页;19cm |
| ISBN 13031.833:CNY2.00 |
| ● |
| 相关链接 |
|
|
|
正题名:庐山植物园栽培植物手册
索取号:Q94-339/9
 
预约/预借
| 序号 | 登录号 | 条形码 | 馆藏地/架位号 | 状态 | 备注 |
| 1 | 2000144141 | 2000144141 | 旧书回溯/ [索取号:Q94-339/9] | 在馆 |